| 000 | 00523nmm a2200157Ia 4500 | ||
|---|---|---|---|
| 008 | 251105s9999||||xx |||||||||||||||||und|| | ||
| 020 | _a9972428079 | ||
| 041 | _aspa | ||
| 100 | _aMaría Pinilla, Carmen (ed.) | ||
| 245 | 0 |
_aApuntes inéditos : _b Celia y Alicia en la vida de José María Arguedas |
|
| 264 |
_a[Lima, Peru] : _bPontificia Universidad Católica de Perú, _c2007 |
||
| 300 | _a380 páginas | ||
| 650 | _aLatin American literature | ||
| 856 | _uhttps://public.digitaliapublishing.com/a/9743 | ||
| 942 | _cCF | ||
| 999 |
_c98278 _d98278 |
||